000 00540nam a2200193Ia 4500
003 GCL
008 140319s9999 xx 000 0 eng d
040 _aGCL /
_cGCL
082 0 4 _a709.565
_bL S
100 1 _aLAFLEURIAL - ZAKRI
245 1 0 _aSYRIE : BERCEAU DES CIVILISATIONS /
_cLAFLEURIAL - ZAKRI
700 1 _aMUNIER, PASCAL
260 _aفرنسا :
_bACR EDITION INERNAIONALE ،
_c1997
300 _a32 CM ؛
_c288 P
650 0 4 _aCIVILIZATION
650 0 4 _aSYRIA - HISTORY
650 0 4 _aSYRIA - ANTIQUITIES
942 _2ddc
_cBK
999 _c15962
_d15962